LEADER 01402nam a2200265 i 4500 001 000000210750 003 CaOOAMICUS 005 20251222111838.0 008 120210s1808 it u000 u ita u 013 $a189563 026 $as.na i,o- ).i- spco (3) 1808 (R) 040 $aSeMil$bita 100 1 $aGarioni, Alessandro,$d.$0(OLS)http://semarc/name/24953 245 10$aTobia. Parafrasi in sesta rima milanese divisa in cinque canti del sacerdote Alessandro Garioni dedicata al signor cavaliere Giberto Borromeo. 260 $aMilano :$bPresso Pirotta e Maspero,$c1808. 300 $a[2], XXVIII, 173, [3] p., [1] carta di tav. :$bill. :$b8°. 500 $aIncisione di G. Benaglia. 700 1 $aBorromeo Arese, Giberto <1751-1837>,$ededicatario.$0(OLS)http://semarc/name/75417 700 1 $aBenaglia, Giuseppe .$0(OLS)http://semarc/name/11102 710 0 $aPirotta, Giovanni & Maspero, Giuseppe$c.$0(OLS)http://semarc/name/11208 850 $aSeMil 852 $aSeMil$W1$xVenegono$y1$m1S VI 6 FA$j161197$B161197$CSeMilBibl$Z2$F172362 $8I 996 $6245$aTobia. Parafrasi in sesta rima milanese divisa in cinque canti del sacerdote Alessandro Garioni dedicata al signor cavaliere Giberto Borromeo$9(OLS)http://semarc/title/304547 996 $6260$aMilano :$bPresso Pirotta e Maspero$9(OLS)http://semarc/publisher/39245 LEADER 01457nam a2200217 i 4500 001 000000004800 003 CaOOAMICUS 005 20241127144229.0 008 180830s1719 it u000 u ita u 040 $aSeMil$bita 100 1 $aSassi, Giuseppe Antonio,$d<1675-1751>.$0(OLS)http://semarc/name/12368 245 10$aPossessio SS. corporum Gervasii, et Protasii martyrum Mediolano vindicata. Qua occasione plura de antiquis ecclesiae ritibus, Vigiliis, festis, aliisque ad Ecclesiasticam, & Mediolanensenm historiam pertinentibus inseruntur. ... Auctore Joseph Antonio Saxio .. 260 $aMediolani :$bIn Curia Regia excudebat Malatesta Regius, Ducalisque Typographus,$c1719. 300 $a2 v. ;$cfol. 500 $aLegati insieme i 2 vol. 700 1 $aMalatesta, Marco Antonio Pandolfo,$c.$0(OLS)http://semarc/name/7288 774 0 $t1.$g[1$w()134092 774 0 $tAppendix ad Dissertationem apologeticam pro vindicanda Mediolano SS. corporum Gervasii, et Protasii ..$g[2$w()252842 996 $6245$aPossessio SS. corporum Gervasii, et Protasii martyrum Mediolano vindicata. Qua occasione plura de antiquis ecclesiae ritibus, Vigiliis, festis, aliisque ad Ecclesiasticam, & Mediolanensenm historiam pertinentibus inseruntur. ... Auctore Joseph Antonio Saxio ..$9(OLS)http://semarc/title/400649 996 $6260$aMediolani :$bIn Curia Regia excudebat Malatesta Regius, Ducalisque Typographus$9(OLS)http://semarc/publisher/55657